Szállítás és szállítmányozás gyakorlata a Bosch cég vonatkozásában
| Szerző: | |
|---|---|
| További közreműködők: | |
| Dokumentumtípus: | Projektmunka |
| Kulcsszavak: | Bosch Háború hatása logisztika munkakörülmények szállítmányozás |
| Online Access: | http://dolgozattar.uni-bge.hu/60066 |
MARC
| LEADER | 00000nnm a2200000 i 4500 | ||
|---|---|---|---|
| 001 | dolg60066 | ||
| 005 | 20260409145935.0 | ||
| 008 | 260409suuuu hu o 000 hun d | ||
| 040 | |a BGE Dolgozattár Repozitórium |b hun | ||
| 041 | |a hu | ||
| 100 | 1 | |a Etler Dominik | |
| 245 | 1 | 0 | |a Szállítás és szállítmányozás gyakorlata a Bosch cég vonatkozásában |c Etler Dominik |h [elektronikus dokumentum] |
| 516 | |a Project_work | ||
| 520 | 3 | |a A projektmunka a Bosch szállítási és szállítmányozási gyakorlatát mutatja be, kiemelve a budapesti Transport Order Desk csapatnál szerzett gyakorlati tapasztalatokat. A dolgozat részletesen elemzi a globális logisztikai rendszer felépítését, a modern technológiák, például a digitalizáció és automatizáció, alkalmazását, valamint a pandémia és geopolitikai válságok által okozott szállítmányozási kihívásokat. A tanulmány bemutatja, hogyan alkalmazkodott a Bosch gyorsan változó környezethez, milyen válságkezelési stratégiákat dolgozott ki, és milyen fejlesztéseket vezetett be a rugalmasság és fenntarthatóság érdekében. A munka az elméleti ismereteket gyakorlati példákkal ötvözve értékes betekintést nyújt a nemzetközi logisztikai rendszerek működésébe. | |
| 695 | |a Bosch | ||
| 695 | |a Háború hatása | ||
| 695 | |a logisztika | ||
| 695 | |a munkakörülmények | ||
| 695 | |a szállítmányozás | ||
| 700 | 1 | |a Domboróczky Dr. Zoltán |e ths | |
| 856 | 4 | 0 | |u http://dolgozattar.uni-bge.hu/60066/1/Projektmunka.pdf |z Dokumentum-elérés |
| 856 | 4 | 0 | |u http://dolgozattar.uni-bge.hu/60066/2/Etler_Dominik_KM%20FOSZK%20b%C3%ADr%C3%A1lati%20lap.pdf |z Dokumentum-elérés |